Central Library OPAC University of Rajshahi

The growth of philosophic radicalism / (Record no. 33600)

MARC details
000 -LEADER
fixed length control field 01081nam a22002891 4500
001 - CONTROL NUMBER
control field 33600
003 - CONTROL NUMBER IDENTIFIER
rucl marc code BD-RjUL
005 - DATE AND TIME OF LATEST TRANSACTION
control field 20211209052031.0
008 - FIXED-LENGTH DATA ELEMENTS--GENERAL INFORMATION
fixed length control field 140510r19521934enk b 001 0 eng
035 ## - SYSTEM CONTROL NUMBER
System control number (BD-RjUL)33691
System control number (OCoLC)951188
040 ## - CATALOGING SOURCE
Original cataloging agency DLC
Transcribing agency TxU-Da
Modifying agency BD-RjUL
Language of cataloging eng
041 ## - LANGUAGE CODE
Language code of text/sound track or separate title eng
082 ## - DEWEY DECIMAL CLASSIFICATION NUMBER
Classification number 144
Author mark and year HAG Pt.1,2&3 1952
100 1# - MAIN ENTRY--PERSONAL NAME
Personal name Halévy, Elie
Dates associated with a name 1870-1937.
9 (RLIN) 101975
245 14 - TITLE STATEMENT
Title The growth of philosophic radicalism /
Statement of responsibility, etc. Elie Halévy, Translated by Mary Morris. With a pref. by A.D. Lindsay.
Number of part/section of a work Part-I
-- Part-II
-- Part-III
Name of part/section of a work The Youth Of Bentham (1776-1815)
-- The Evolution Of The Utilitarian Doctrine From 1789 to 1815
-- Philosophic Radicalism
250 ## - EDITION STATEMENT
Edition statement New ed.
260 ## - PUBLICATION, DISTRIBUTION, ETC. (IMPRINT)
Place of publication, distribution, etc. London :
Name of publisher, distributor, etc. Faber & Faber,
Date of publication, distribution, etc. 1934 [reprinted 1952].
300 ## - PHYSICAL DESCRIPTION
Pagination xix, 554 p. ;
Size 23 cm.
504 ## - BIBLIOGRAPHY, ETC. NOTE
Bibliography, etc Include bibliography and index.
600 10 - SUBJECT ADDED ENTRY--PERSONAL NAME
Personal name Bentham, Jeremy
Dates associated with a name 1748-1832.
650 #0 - SUBJECT ADDED ENTRY--TOPICAL TERM
Topical term or geographic name as entry element Utilitarianism.
9 (RLIN) 5661
651 #0 - SUBJECT ADDED ENTRY--GEOGRAPHIC NAME
Geographic name France
General subdivision History
Chronological subdivision Revolution, 1789-1799
General subdivision Causes.
9 (RLIN) 76829
942 ## - ADDED ENTRY ELEMENTS (KOHA)
Source of classification or shelving scheme Dewey Decimal Classification
Koha item type Books
Holdings
Lost status Source of classification or shelving scheme Damaged status Not for loan Collection code Permanent Location Current Location Shelving location Date acquired Source of acquisition Cost, normal purchase price Total Checkouts Full call number Date last seen Copy number Koha item type
  Dewey Decimal Classification     Non-fiction Central Library, University of Rajshahi Central Library, University of Rajshahi   09/03/1963 Zetlinger 42.00   144 HAG Pt.1,2&3 1952 10/05/2014 C-4 Books
  Dewey Decimal Classification     Non-fiction Central Library, University of Rajshahi Central Library, University of Rajshahi   09/03/1963 Zetlinger 42.00   144 HAG Pt.1,2&3 1952 10/05/2014 C-5 Books
  Dewey Decimal Classification   Not For Loan Non-fiction Central Library, University of Rajshahi Central Library, University of Rajshahi Reading Room 12/04/1955 Allies Books 26.40   144 HAG Pt.1,2&3 1952 12/05/2014 C-1 Books
  Dewey Decimal Classification     Non-fiction Central Library, University of Rajshahi Central Library, University of Rajshahi   02/02/1956 a.b .c 34.20   144 HAG Pt.1,2&3 1949 14/05/2014 C-2 Books
  Dewey Decimal Classification     Non-fiction Central Library, University of Rajshahi Central Library, University of Rajshahi   08/06/2019 Zeit 42.00   144 HAG Pt.1,2&3 1952 14/05/2014 C-6 Books
  Dewey Decimal Classification     Non-fiction Central Library, University of Rajshahi Central Library, University of Rajshahi   18/06/1955 Allis Book Cor. 23.10   144 HAG Pt.1,2&3 1952 14/05/2014 C-2 Books